000 00381nam a22001337a 4500
020 _qHB.
040 _cFIZZA ISHAQ
082 _a628.161
_bPAR
100 _aZIGLIO, GIULIANO HEINONEN PARTTI.
_986085
245 _aHYDROLOGICAL AND LIMNOLOGICAL ASPCETS /
_cPARTTI HEINONEN GIULIANO ZIGLIO.
260 _aNEW YORK :
_bJHON WILEY SON,
_c2000.
300 _a372 P. ;
942 _2ddc
_cBK
999 _c587242
_d587242